000 00563 a2200205 4500
005 20260428141140.0
008 260428b |||||||| |||| 00| 0 eng d
020 _a9789394262768
_cRs.1350.00
040 _aMAIN
082 _a306.6
_bP886R
100 _aPrasad, Birendra Nath
245 _aReligion in society: Social dimension of buddhism Hinduism and Jainism in india
260 _bManohar Publishers
_c2025
_aNew Delhi
300 _a225
650 _aSocial Sciences
650 _aCulture
650 _aReligion
650 _aHinduism
942 _cBK
999 _c394869
_d394869